Language Quiz

Random Language Quiz

Turkish Test- Vücudumuz (Our Body) Quiz Stats

 Plays Quiz not verified by Sporcle

Challenge
Share
Tweet
Embed
Score 0/45 Timer 07:00
0 Plays Today
İngilizce Türkçe % Correct
HeadBaş
93.3%
EyeGöz
88.8%
HairSaç
86.5%
FootAyak
84.3%
ToothDiş
84.3%
ArmKol
82%
HandEl
82%
NoseBurun
75.3%
HeartKalp
75.3%
MouthAğız
71.9%
BodyVücut
68.5%
LegBacak
68.5%
EarKulak
64%
BloodKan
62.9%
LipDudak
57.3%
ThroatBoğaz
55.1%
NeckBoyun
53.9%
KneeDiz
53.9%
ShoulderOmuz
51.7%
BrainBeyin
47.2%
ThumbBaş Parmak
44.9%
MoustacheBıyık
44.9%
Middle FingerOrta Parmak
43.8%
İngilizce Türkçe % Correct
NailTırnak
43.8%
StomachMide
43.8%
BeardSakal
42.7%
Little FingerSerçe Parmak
41.6%
EyebrowKaş
39.3%
EyelashKirpik
37.1%
ElbowDirsek
37.1%
Ring FingerYüzük Parmağı
37.1%
WaistBel
36%
Index Fingerİşaret Parmağı
33.7%
WristBilek
33.7%
HeelTopuk
32.6%
ForeheadAlın
32.6%
EyelidGöz Kapağı
29.2%
LungAkciğer
29.2%
KidneyBöbrek
27%
VeinDamar
27%
LiverKaraciğer
25.8%
AnkleAyak Bileği
24.7%
ToeAyak Başparmağı
19.1%
TempleŞakak
18%
ChinÇene
16.7%

You're not logged in!

Compare scores with friends on all Sporcle quizzes.
Join for Free
OR
Log In

You Might Also Like...

Show Comments

Extras

Created Jun 15, 2014ReportNominate
Tags:body, turkish, Turkish Words

Top Quizzes Today


Score Distribution

Your Account Isn't Verified!

In order to create a playlist on Sporcle, you need to verify the email address you used during registration. Go to your Sporcle Settings to finish the process.

Report this User

Report this user for behavior that violates our Community Guidelines.

Details: